THE INDIAN CONTRACT & SPECIFIC RELIEF ACTS (Record no. 19772)

MARC details
000 -LEADER
fixed length control field 00343nam a22001457a 4500
003 - CONTROL NUMBER IDENTIFIER
control field SGT
020 ## - INTERNATIONAL STANDARD BOOK NUMBER
International Standard Book Number 9789388548472
082 ## - DEWEY DECIMAL CLASSIFICATION NUMBER
Classification number 346.20954
Item number VAR
100 ## - MAIN ENTRY--PERSONAL NAME
Personal name VARDHAN , YASHOD
245 ## - TITLE STATEMENT
Title THE INDIAN CONTRACT & SPECIFIC RELIEF ACTS
250 ## - EDITION STATEMENT
Edition statement 16
260 ## - PUBLICATION, DISTRIBUTION, ETC. (IMPRINT)
Place of publication, distribution, etc GURGAON
Name of publisher, distributor, etc LEXIS NEXIS
Year of Publication 2019
300 ## - PAGE DESCRIPTION
No. of Pages CDXLIV ,2510
942 ## - ADDED ENTRY ELEMENTS (KOHA)
Source of classification or shelving scheme Dewey Decimal Classification
Koha item type Books
942 ## - ADDED ENTRY ELEMENTS (KOHA)
-- 2
Holdings
Withdrawn status Lost status Source of classification or shelving scheme Damaged status Not for loan Collection code Home library Current library Shelving location Date acquired Vendor Name Cost, normal purchase price Volume Information (Serial or Books or Non-Book Material) SGTU Bill Number Total Checkouts Full call number Accession No. (Barcode) Date last seen Date last borrowed Bill Date Koha item type
    Dewey Decimal Classification   Not For Loan LAW SGT Science & Social Sciences Library SGT Science & Social Sciences Library Reference Book 17/02/2020 COMMERCIAL BOOK HOUSE 4795.00 1 SGTU 2559 1 346.20954 VAR FL2396 14/02/2022 27/12/2021 20/01/2020 Books
    Dewey Decimal Classification   Not For Loan LAW SGT Science & Social Sciences Library SGT Science & Social Sciences Library Reference Book 17/02/2020 COMMERCIAL BOOK HOUSE 4795.00 2 SGTU 2559 1 346.20954 VAR FL2397 14/02/2022 27/12/2021 20/01/2020 Books